| 000 | 00527nam a22001937a 4500 | ||
|---|---|---|---|
| 005 | 20260209112109.0 | ||
| 008 | 260209b |||||||| |||| 00| 0 eng d | ||
| 037 | _cDSWL | ||
| 040 |
_aDSWL _cDSWL |
||
| 041 | _heng | ||
| 084 | _aY5927 R1;2 | ||
| 100 |
_aAmbedkar, B.R. _91114490 |
||
| 245 | _aAnnihilation of caste | ||
| 260 |
_aNew Delhi, _bGeneral Press, _c2021 |
||
| 300 | _a144p | ||
| 365 |
_aINR _b395 |
||
| 942 |
_2CC _cTEXL _hY5927 R1;2 _n0 |
||
| 999 |
_c1678971 _d1678971 |
||